| 000 | 00484nam a2200169Ia 4500 | ||
|---|---|---|---|
| 005 | 20250508151532.0 | ||
| 008 | 008 250505s9999 xx 000 0 eng d | ||
| 037 | _aBooks to be hide in OPAC | ||
| 040 |
_aFEDL _beng _cFEDL |
||
| 041 |
_aeng _2eng |
||
| 084 |
_a379.54142, WES _qFEDL |
||
| 245 | 0 | _aReport on public instruction in west bengal for the year 1949-50 | |
| 260 | _c1953 | ||
| 300 | _a146p. | ||
| 942 |
_cHB _h379.54142, WES |
||
| 999 |
_c1330446 _d1330446 |
||